将棋棋士・通算勝率トップ20 - Statistics

General Stats
  • This quiz has been taken 17 times
  • The average score is 9 of 20
Answer Stats
勝率
現段位
棋士
% Correct
0.825 九段 藤井聡太
100%
0.687 九段 羽生善治
100%
0.717 八段 伊藤匠
80%
0.687 九段 永瀬拓矢
67%
0.653 八段 佐々木勇気
60%
0.649 九段 豊島将之
60%
0.698 七段 佐々木大地
53%
0.779 六段 藤本渚
47%
0.750 七段 服部慎一郎
40%
0.662 八段 八代弥
40%
0.660 八段 増田康宏
40%
0.659 八段 近藤誠也
33%
0.656 六段 古賀悠聖
33%
0.651 八段 菅井竜也
33%
0.688 七段 大橋貴洸
20%
0.667 五段 岡部怜央
20%
0.654 六段 本田奎
13%
0.651 八段 千田翔太
13%
0.659 五段 狩山幹生
7%
0.649 七段 都成竜馬
7%
No matching quizzes found
Score Distribution
Percent of People with Each Score
Percentile by Number Answered
Your Score History
You have not taken this quiz